Financial development and economic growth: the economic consequences of underdeveloped capital markets / (Record no. 600)
[ view plain ]
| 000 -LEADER | |
|---|---|
| fixed length control field | 01138nam a22001697a 4500 |
| 008 - FIXED-LENGTH DATA ELEMENTS--GENERAL INFORMATION | |
| fixed length control field | 120206t xxu||||| |||| 00| 0 eng d |
| 020 ## - INTERNATIONAL STANDARD BOOK NUMBER | |
| International Standard Book Number | 814777562 |
| 050 ## - LIBRARY OF CONGRESS CALL NUMBER | |
| Classification number | HC79.C3 F5 |
| 245 ## - TITLE STATEMENT | |
| Title | Financial development and economic growth: the economic consequences of underdeveloped capital markets / |
| Statement of responsibility, etc. | edited by Arnold W. Sametz |
| 260 ## - PUBLICATION, DISTRIBUTION, ETC. | |
| Place of publication, distribution, etc. | New York: |
| Name of publisher, distributor, etc. | New York University Press, |
| Date of publication, distribution, etc. | c1972. |
| 300 ## - PHYSICAL DESCRIPTION | |
| Extent | vi, 257 p.: |
| Dimensions | 23cm. |
| 500 ## - GENERAL NOTE | |
| General note | Includes index. |
| 505 ## - FORMATTED CONTENTS NOTE | |
| Formatted contents note | Contents: Financing U.S. direct foreign investment in Europe: The Data, casual factors and some implications -- Indicative planning and the efficiency of French capital markets -- The Financing of Soviet capital formation: Past experience and current reform -- Finance, capital markets and economic growth in Japan -- The Structure of capital markets and economic growth-the case of Israel -- Government securities market in a mixed economy: A Study of India -- The New African central banks and monetary management -- Some effects of inflation on financing investment in Argentina and Brazil. |
| 650 ## - SUBJECT ADDED ENTRY--TOPICAL TERM | |
| Topical term or geographic name entry element | Economic growth. |
| 700 ## - ADDED ENTRY--PERSONAL NAME | |
| Personal name | Sametz, Arnold W. |
| 942 ## - ADDED ENTRY ELEMENTS (KOHA) | |
| Source of classification or shelving scheme | Library of Congress Classification |
| Koha item type | Books |
| Withdrawn status | Lost status | Source of classification or shelving scheme | Damaged status | Not for loan | Home library | Current library | Shelving location | Date acquired | Total Checkouts | Full call number | Barcode | Date last seen | Price effective from | Koha item type |
|---|---|---|---|---|---|---|---|---|---|---|---|---|---|---|
| Library of Congress Classification | WISCONSIN INTERNATIONAL UNIVERSITY COLLEGE, GHANA - MAIN LIBRARY | WISCONSIN INTERNATIONAL UNIVERSITY COLLEGE, GHANA - MAIN LIBRARY | General Stacks | 06/02/2012 | HC79.C3 F5 | 1048/11 | 06/02/2012 | 06/02/2012 | Books |
